• 首页
  • 本馆介绍
  • 公告通知
  • 最新文献
  • 馆藏检索
  • 电子资源
  • 读者导购
  • 参考咨询
  • 我的图书馆
  • 登录
  • 详细信息显示
  • 放入我的书架
  • 预约/预借图书
  • 作者相关作品
  • 分类相关作品
  • 丛书相关作品
  • 出版社相关作品

书目信息

  • 表格格式
  • 工作单格式
  • 卡片格式
题名:
我的第一本越南语课本
    
 
作者: 阮氏秋姮 著 ;王悦 译
分册:  
出版信息: 北京   中国纺织出版社  2015
页数: 200页
开本: 21cm
丛书名: 毕昂小语种
单 册:
中图分类: H449.39
科图分类:
主题词: 越南语--自学参考资料
电子资源:
ISBN: 978-7-5180-1241-1
000 01067nam2 2200277 450
001 012001003828
005 20140926114741.0
010    @a978-7-5180-1241-1@dCNY35.00
100    @a20150712d2015 em y0chiy50 ea
101 2  @achi@avie@cvie
102    @aCN@b110000
105    @aak z 000yy
106    @ar
200 1  @a我的第一本越南语课本@9wo de di yi ben yue nan yu ke ben@e最好学的越南语入门书@f(越)阮氏秋姮著@g王悦译
210    @a北京@c中国纺织出版社@d2015
215    @a200页@c图@d21cm
225 2  @a毕昂小语种@v004
330    @a本书是以现在越南经常使用的生动的表达为中心,编写对话。以在越南经常使用的日常会话为例子,尽量避免艰涩难懂的复杂句型,用最简单最实用的语法编写对话。对话中只选择必要的核心语法,并使用插画进行形象的解释。
461  0 @12001 @a毕昂小语种
517 1  @a最好学的越南语入门书@9zui hao xue de yue nan yu ru men shu
606 0  @a越南语@j自学参考资料
690    @aH449.39@v5
701  1 @c(越)@a阮氏秋姮@9ruan shi qiu heng@4著
702  0 @a王悦@9wang yue@4译
801  0 @aCN@b上海新华@c20180901
905    @b1163623-7@dH449.39@e10@f5
    
    我的第一本越南语课本:最好学的越南语入门书/(越)阮氏秋姮著/王悦译.-北京:中国纺织出版社,2015
    200页:图;21cm.-(毕昂小语种;004)
    
    
    ISBN 978-7-5180-1241-1:CNY35.00
    本书是以现在越南经常使用的生动的表达为中心,编写对话。以在越南经常使用的日常会话为例子,尽量避免艰涩难懂的复杂句型,用最简单最实用的语法编写对话。对话中只选择必要的核心语法,并使用插画进行形象的解释。
●
相关链接 在E读中查询图书 在五车中查询图书 在当当中查询图书 在豆瓣中查询图书


正题名:我的第一本越南语课本     索取号:H449.39/10         预约/预借

序号 登录号 条形码 馆藏地/架位号 状态 备注
1 1163623   211636238   第二样本阅览室/ [索取号:H449.39/10] 在馆    
2 1163624   211636247   第四借阅区/ [索取号:H449.39/10] 在馆    
3 1163625   211636256   第四借阅区/ [索取号:H449.39/10] 在馆    
4 1163626   211636265   密集书库—外国语学院/ [索取号:H449.39/10] 在馆    
5 1163627   211636274   第四借阅区/ [索取号:H449.39/10] 在馆    
唐山师范学院图书馆 欢迎您!
大连网信软件有限公司© 版权所有